TV Shows by Episode Titles Quiz Stats

Quiz Updated Dec 14, 2011

Challenge
Share
Tweet
Embed
Score 0/30 Timer 06:00
0 Plays Today
Episodes Name of Show % Correct
The One With Two Parts(1)/ The One With the Princess Leia Fantasy/ The Last OneFriends
89.4%
Richie's Cup Runneth Over/ Fonzie Loves Pinky/ ROTCHappy Days
81.5%
The Army-Navy Game/ Where There's a Will, There's a War/ Welcome to KoreaM*A*S*H
79.5%
Ward's Problem/ Wally's Test/ Beaver's Short PantsLeave it to Beaver
74.1%
The Junior Mint/ The Puffy Shirt/ The Come BackSeinfeld
64.9%
The Dundies/ Did I Stutter/ Company PicnicThe Office(US)
57.2%
Shrink Rap/ Radio Wars/ Daphne's RoomFrasier
52.2%
Robin 101/ The Yips/ The Best Burger in New YorkHow I Met Your Mother
50.7%
Home Sweet Hut/ Don't Bug the Mosquitoes/ The Second Ginger GrantGilligan's Island
44.3%
The Man Trap/ The Trouble with Tribbles/ The Tholian WebStar Trek
39.8%
Old Friends/ Sophia's Choice/ Rose the PrudeThe Golden Girls
39.2%
Maidenform/ Nixon vs. Kennedy/ Guy Walks Into an Advertising AgencyMad Men
38.8%
Sleepless in Chicago/ It's Not Easy Being Greene/ Carter's ChoiceER
38.5%
Keaton n Son/ Little Man on Campus/ No Nukes is Good NukesFamily Ties
36%
Getting Davy Jones/ Alice Doesn't Live Here Anymore/ Going, Going... SteadyThe Brady Bunch
35.9%
Episodes Name of Show % Correct
Best Man for the Gob/ The One Where Michael Leaves/ Top BananaArrested Development
35.3%
Jefferson Airplane/ Lionel Cries Uncle/ Louise Takes a StandThe Jeffersons
34.7%
Another Mouth to Shut Up/ Dan's Birthday Bash/ White Trash ChristmasRoseanne
34.5%
Lucky Thirteen/ The Tyrant/ Wilson's HeartHouse M.D.
32.4%
KAOS in Control/ Dr. Yes/ BronzefingerGet Smart
32.4%
The Americanization of Miko/ Cousin Geri/ The Return of Mrs. GarrettThe Facts of Life
32.3%
The Doctor's Daughter/ Rise of the Cybermen/ Daleks in ManhattanDoctor Who
31.3%
My Mentor/ My Cabbage/ My Number One DoctorScrubs
30.6%
One of Our Sweathogs is Missing/ The Telethon/ Dr. Epstein, I PresumeWelcome Back Kotter
30.4%
Nothing But the Blood/ The First Taste/ Sparks Fly OutTrue Blood
30.2%
The Murder of Sherlock Holmes/ The Corpse Flew First Class/ Jessica Behind BarsMurder She Wrote
29.3%
Mary Jo's Dad Dates Charlene/ The Women of Atlanta/ Julia Drives Over the First AmendmentDesigning Women
29.1%
All the Best Cowboys Have Daddy Issues/ Man of Science, Man of Faith/ The Long ConLOST
25.6%
Bizarro/ Zod/ DoomsdaySmallville
24.5%
The Series Has Landed/ Roswell That Ends Well/ Bend HerFuturama
20.7%

You're not logged in!

Compare scores with friends on all Sporcle quizzes.
Join for Free
OR
Log In

You Might Also Like...

Show Comments

Extras

Top Quizzes Today


Score Distribution

Your Account Isn't Verified!

In order to create a playlist on Sporcle, you need to verify the email address you used during registration. Go to your Sporcle Settings to finish the process.

Report this User

Report this user for behavior that violates our Community Guidelines.

Details: